00577nam a2200133Ia 4500008004100000245014100041260005500182260000900237300000700246650001300253856008500266999001900351952007300370170516s9999 xx 000 0 und d aGenetic polymorphisms of enzyme proteins and transporters related to methotrexate response and pharmacokinetics in a Japanese population bJournal of Pharmaceutical Health Care and Sciences c2016 a2: xPharmacy uhttps://jphcs.biomedcentral.com/articles?query=&volume=2&searchType=&tab=keyword c331444d331444 001040aCLbCLd2017-05-16l0r2017-05-16 00:00:00w2017-05-16yFOJ